Slovenský literárny život v Maďarsku

Podrobná bibliografia
Hlavný autor: Hrivnák, Michal, 1936- (Autor)
Médium: Článok
Jazyk:slovenčina
ISSN:0862-5999
Predmet:

MARC

LEADER 00000nab a2200000 a 4500
001 vtls000786007
003 SK-MaSNL
005 20260302155046.0
008 140423c2001 xo 0 slo
015 |a SNBRB2002/03-08731 
035 |a CLN000137664 
040 |a SNKBUCL  |b slo  |c SNKBUCL  |e AACR2 
041 0 |a slo 
044 |a xo  |c SK 
080 |a 82(091):885.4 (439)"19"  |2 1997 
080 |a 885.4 (439)(091)"19"  |2 1997 
100 1 |a Hrivnák, Michal,  |d 1936-  |4 aut  |9 22493 
245 1 0 |a Slovenský literárny život v Maďarsku  |c Michal Hrivnák 
650 0 7 |a literatúra slovenská  |z Maďarsko  |y stor. 20., r. 70.-80.  |2 snkbucl  |9 852871 
655 7 |a články z novín a časopisov  |2 snkbucl  |9 267496 
773 0 |t Literárny týždenník  |g Roč. 14, č. 38 (2001), s. 4  |x 0862-5999 
850 |a Slovenská národná knižnica v Martine 
852 |a SNK  |b KIS3GCP 
958 |a HU 
958 |a LX 
958 |a SK 
992 |a RBX 
999 |c 1370247  |d 1372177